Analýza špecifík zmlúv uzatvorených elektronicky bakalárska práca

Uložené v:
Podrobná bibliografia
Hlavný autor: Kiss, Dominik
Korporativný autor: Fakulta hospodárskej informatiky EU. Katedra aplikovanej informatiky
Ďalší autori: Ondrejková, Anna
Médium: Kniha
Jazyk:Slovak
Vydavateľské údaje: Bratislava 2014
Tagy: Pridať tag
Žiadne tagy, Buďte prvý, kto otaguje tento záznam!

MARC

LEADER 00000nbm a2200000 4500
001 0189751
005 20170201111100.9
041 0 |a slo 
044 |a SK 
245 1 0 |a Analýza špecifík zmlúv uzatvorených elektronicky  |b bakalárska práca  |c Dominik Kiss ; školiteľ: Anna Ondrejková 
264 1 |a Bratislava  |c 2014 
300 |a 40 s. 
100 1 |a Kiss, Dominik 
700 1 |a Ondrejková, Anna 
710 2 |a Fakulta hospodárskej informatiky EU. Katedra aplikovanej informatiky